La interacción de las políticas de conservación y de turismo en la configuración del desarrollo turístico del Parque Nacional Nahuel Huapi, Argentina /

Detalles Bibliográficos
Autor principal: Bardin, Daiana Gisele
Otros Autores: Bustos Cara, Roberto (Orientador), Abaleron, Carlos Alberto (Orientador)
Formato: Tesis Libro
Lenguaje:Espa�ol
Publicado: 2021.
Materias:
Acceso en línea:Repositorio Institucional Digital de la Universidad Nacional del Sur (RID-UNS)
Etiquetas: Agregar Etiqueta
Sin Etiquetas, Sea el primero en etiquetar este registro!

MARC

LEADER 00000nam a22000004a 4500
001 AR-BbUGT58275
003 AR-BbUGT
005 20241023092343.0
007 ta
008 211215s2021 ag a bm 000 0 spa d
040 |a AR-BbUGT  |b spa  |c AR-BbUGT  |e aacr 
041 1 |a spa  |b eng 
082 0 4 |a 333.78  |2 21 
100 1 |a Bardin, Daiana Gisele 
245 1 3 |a La interacción de las políticas de conservación y de turismo en la configuración del desarrollo turístico del Parque Nacional Nahuel Huapi, Argentina /  |c Daiana Gisele Bardin. 
260 |c 2021. 
300 |a 363 p. :  |b il. col. ;  |c 30 cm. 
500 |a Director de tesis: Roberto Nicolás Bustos Cara ; co-director: Carlos Alberto Abaleron. 
500 |a "Tesis de Doctorado en Geografía". 
502 |g Tesis   |b doctoral.  |c Universidad Nacional del Sur. Departamento de Geografía y Turismo,   |d 2021.  |o 5847 
504 |a Incluye referencias bibliográficas. 
505 2 |a Capítulo 1. La configuración del espacio protegido -- Capítulo 2. Conservación y protección de los espacios naturales -- Capítulo 3. El turismo en los parques nacionales -- Capítulo 4. El presente del Parque Nacional Nahuel Huapi (PNNH) -- Capítulo 5. Los vaivenes de la política de áreas protegidas en Argentina: la reconstrucción histórica de un proceso geopolítico, territorial, socio-ambiental y económico -- Capítulo 6. La política turística en Argentina: un recorrido histórico por las diferentes funciones asignadas al turismo -- Capítulo 7. Configuración del desarrollo turístico del PNNH: entre experimentos y estrategias políticas disímiles 
520 3 |a El Parque Nacional Nahuel Huapi (PNNH), en tanto área protegida y atractivo turístico internacional, es un espacio de gran complejidad, caracterizado por la existencia de diversos conflictos de uso público y conformado por un intrincado entramado de actores. Desde su creación y a lo largo de todos estos años ha sido escenario de diversos procesos territoriales y políticos, que lo convierten en un interesante objeto de estudio desde la perspectiva geográfica. La presente tesis aborda la problemática relacionada con la manifestación de distintas ideologías y políticas en el territorio del PNNH y su rol en la configuración del uso turístico. De este modo desde un enfoque histórico se analizan la política de áreas protegidas y de turismo a escala nacional para poder explicar luego, la evolución del desarrollo turístico del PNNH y los distintos modelos identificados. Se llevó a cabo una investigación basada en tres etapas metodológicas: exploratoria, descriptiva y comparativa-explicativa. Desde el enfoque geo-histórico se recolectó información de diversas fuentes, bibliográficas, documentales y normativas. Se entrevistaron a distintos informantes clave y esta técnica se complementó con la observación en el campo. En la última etapa, se llevó a cabo un análisis integral evolutivo de dos grupos de actores representativos de cada política. Los resultados obtenidos ponen de manifiesto la co-existencia de dos lógicas diferentes que han sido el telón de fondo de todos los acontecimientos ocurridos en el PNNH y a su vez han condicionado su gestión. 
520 3 |a The Nahuel Huapi National Park (PNNH), as a protected area and an international tourist attraction, is a space of great complexity, characterized by the existence of various conflicts for public use and made up of an intricate network of actors. Since its inception and throughout all these years it has been the scene of various territorial and political processes, which make it an interesting object of study from a geographical perspective. This thesis addresses the problems related to the manifestation of different ideologies and policies in the territory of the PNNH and their role in the configuration of tourist use. In this way, from a historical perspective, the policy of protected areas and tourism are analyzed on a national scale in order to explain the evolution of the PNNH tourism development and the different models identified. An investigation based on three methodological stages was carried out: exploratory, descriptive and comparative-explanatory. From the geo historical approach, information was collected from various sources, bibliographical, documentary and normative. Different key informants were interviewed and this technique was complemented by observation in the field. In the last stage, a comprehensive evolutionary analysis of two groups of representative actors of each policy was carried out. The results obtained show the co-existence of two different logics that have been the background of all the events that occurred in the PNNH and in turn have conditioned its management. 
530 |a Disponible también en formato digital. 
650 7 |a Espacios naturales protegidos.  |2 abne 
650 7 |a Parques y reservas nacionales.  |2 unbist 
650 7 |a Conservación de la naturaleza.  |2 unbist 
650 7 |a Gestión.  |2 unbist 
650 7 |a Turismo.  |2 unbist 
651 4 |9 469  |a Parque Nacional Nahuel Huapi (Argentina) 
653 0 |a Áreas naturales protegidas 
653 0 |a Espacios naturales protegidos 
653 0 |a Conservación 
653 0 |a Desarrollo turístico 
653 0 |a Políticas turísticas 
700 1 |a Bustos Cara, Roberto  |4 ths  |9 49 
700 1 |a Abaleron, Carlos Alberto  |4 ths 
710 2 |a Universidad Nacional del Sur.  |b Departamento de Geografía y Turismo  |4 dgg.  |9 48 
856 4 1 |3 Texto completo.  |u https://repositoriodigital.uns.edu.ar/handle/123456789/5847  |2 http  |7 0  |y Repositorio Institucional Digital de la Universidad Nacional del Sur (RID-UNS) 
942 |2 ddc  |c BK  |e 21  |h 333.78  |i B246  |6 333_780000000000000_B246 
999 |c 16039  |d 16039